00209nam a2200097Ia 4500008004100000041001200041100001000053245003600063260000600099650000600105221030s9999 xx 000 0 und d aEnglish aSybex 0aWindows 2000 Completecby Sybex c0 aB